000 00595nam a22001937a 4500
005 20251108171821.0
008 250721s1996 xx 000 0 ara d
082 1 4 _a410.7/سلي
100 1 _aسليمان، نايف
245 1 0 _aالجامع في اللغة العربية :
_bالثقافة العامة /
264 1 _aعمان :
_bدار صفاء للنشر و التوزيع،
_c1996.
300 _a191ص
650 1 7 _aاللغة العربية
650 1 7 _aالتعلم
700 1 _aجابر، عادل
700 1 _aفلاح، خالد
942 _2ddc
_cBK
999 _c63337
_d63337